| 000 | 00738nam a22002057a 4500 | ||
|---|---|---|---|
| 005 | 20231117082953.0 | ||
| 008 | | mx o|||gr||| 00| 0 spa|d | ||
| 050 | 0 | 4 |
_aF1306 .9 .T53 _bH47 1980 |
| 050 | 0 | 4 |
_aF1391.T493 _bH47 1980 |
| 100 | 1 | _aHerrejón Pereda, Carlos | |
| 245 | 1 | 0 |
_aTlalpujahua _c / Carlos Herrejón Pereda. |
| 250 | _a1a ed. | ||
| 260 |
_aMéxico : _bGobierno del Estado de Michoacán, _c1980 |
||
| 300 |
_a203 p. : _bil. ; _c22 cm. |
||
| 490 | 0 | _aMonografía Municipal del Estado de Michoacán | |
| 504 | _aBibliografía : p. 199-203 e índice | ||
| 651 | 7 |
_2lemb _aTlalpujahua de Rayón (Michoacán de Ocampo) _z(México) _xMonografía |
|
| 651 | 7 |
_2lemb _aTlalpujahua (Michoacán : Municipio) |
|
| 942 |
_2lcc _cLIB |
||
| 999 |
_c28035 _d28035 |
||